[Event "60o Campeonato Brasileiro Feminino Final Aberta"]
[Site "Cuiaba MT"]
[Date "2021.11.02"]
[Round "9"]
[Board "19"]
[White "Muraoka, Karoline Aimy"]
[Black "Silveira, Celissa Franco Godoy D"]
[Result "1-0"]
[WhiteElo "1821"]
[BlackElo "1810"]
[PlyCount "85"]
[EventDate "2021.10.28"]
[EventRounds "11"]
[EventCountry "BRA"]

1. e4 e5 2. Nf3 Nc6 3. Bb5 d6 4. c3 Bd7 5. O-O Nf6 6. Re1 a6 7. Ba4 Be7 8. d4
Bg4 9. d5 b5 10. Bc2 Na5 11. b3 O-O 12. Nbd2 c6 13. dxc6 Nxc6 14. h3 Bh5 15. g4
Bg6 16. Nf1 Qd7 17. Ng3 Rad8 18. Nf5 h6 19. N3h4 Nh7 20. Nf3 h5 21. g5 f6 22.
gxf6 Bxf6 23. Kh2 Ne7 24. Nxe7+ Qxe7 25. Rg1 Be8 26. Be3 Bd7 27. Qf1 Kh8 28.
Qg2 Rf7 29. b4 Be6 30. Bb3 Bxb3 31. axb3 Ra8 32. Qg6 Qf8 33. Qxh5 Kg8 34. Rg2
Raa7 35. h4 Rad7 36. Ng5 Nxg5 37. hxg5 g6 38. Qxg6+ Rg7 39. Qxf6 Rh7+ 40. Kg1
Rdf7 41. Qe6 Rhg7 42. g6 Rxg6 43. Qxg6+  1-0

[Event "60o Campeonato Brasileiro Feminino Final Aberta"]
[Site "Cuiaba MT"]
[Date "2021.11.02"]
[Round "9"]
[Board "20"]
[White "Da Silva, Debora Oliveira Lopes"]
[Black "Dull, Amanda Paul"]
[Result "0-1"]
[WhiteElo "1389"]
[BlackElo "1847"]
[PlyCount "50"]
[EventDate "2021.10.28"]
[EventRounds "11"]
[EventCountry "BRA"]

1. e4 Nf6 2. e5 Nd5 3. c4 Nb6 4. Nf3 d6 5. exd6 cxd6 6. d4 Bg4 7. h3 Bh5 8. Nc3
Nc6 9. Be3 e6 10. b3 Be7 11. Be2 O-O 12. O-O Bf6 13. Qd2 d5 14. c5 Nd7 15. Nb5
b6 16. b4 a5 17. a3 axb4 18. axb4 Rxa1 19. Rxa1 bxc5 20. bxc5 Bxf3 21. gxf3 e5
22. Rd1 exd4 23. Bxd4 Nxd4 24. Nxd4 Bxd4 25. Qxd4 Qg5+  0-1

[Event "60o Campeonato Brasileiro Feminino Final Aberta"]
[Site "Cuiaba MT"]
[Date "2021.11.03"]
[Round "10"]
[Board "1"]
[White "Terao, Juliana Sayumi"]
[Black "Bail, Ellen Larissa"]
[Result "1/2-1/2"]
[WhiteElo "2252"]
[BlackElo "1833"]
[PlyCount "47"]
[EventDate "2021.10.28"]
[EventRounds "11"]
[EventCountry "BRA"]

1. e4 e6 2. d4 d5 3. Nd2 Nc6 4. Ngf3 Nf6 5. e5 Nd7 6. Bd3 f6 7. exf6 Qxf6 8.
O-O Bd6 9. Nb3 O-O 10. Ng5 g6 11. c3 e5 12. dxe5 Ncxe5 13. Be2 c6 14. f4 Nf7
15. Nxf7 Qxf7 16. Nd4 Nc5 17. Bf3 Bd7 18. f5 Qe7 19. fxg6 hxg6 20. Qe1 Rae8 21.
Qxe7 Rxe7 22. Bg5 Rh7 23. g3 Ne6 24. Nxe6  1/2-1/2

[Event "60o Campeonato Brasileiro Feminino Final Aberta"]
[Site "Cuiaba MT"]
[Date "2021.11.03"]
[Round "10"]
[Board "2"]
[White "Alboredo, Julia"]
[Black "Frattini, Beatriz Maria"]
[Result "1-0"]
[WhiteElo "2183"]
[BlackElo "1880"]
[PlyCount "77"]
[EventDate "2021.10.28"]
[EventRounds "11"]
[EventCountry "BRA"]

1. d4 Nf6 2. c4 g6 3. Nc3 d5 4. Nf3 Bg7 5. h4 h6 6. Bf4 c5 7. dxc5 Qa5 8. cxd5
Nxd5 9. Qxd5 Bxc3+ 10. Bd2 Bxd2+ 11. Qxd2 Qxd2+ 12. Kxd2 Nc6 13. e3 Bg4 14. Nd4
O-O-O 15. Kc3 Nxd4 16. exd4 e5 17. dxe5 Rd5 18. b4 Rxe5 19. Bc4 Be6 20. Rhe1
Rxe1 21. Rxe1 Bxc4 22. Kxc4 Rd8 23. Re7 Rd2 24. Rxf7 Rxa2 25. Rf6 Re2 26. g3 h5
27. f4 Re4+ 28. Kb5 Re3 29. Rxg6 Rf3 30. Rg8+ Kc7 31. Rg7+ Kc8 32. Kc4 a6 33.
Rg5 Kd7 34. f5 Kc7 35. Kd5 Kd7 36. Rg7+ Kc8 37. Ke5 Re3+ 38. Kf4 Re1 39. f6  1-0

[Event "60o Campeonato Brasileiro Feminino Final Aberta"]
[Site "Cuiaba MT"]
[Date "2021.11.03"]
[Round "10"]
[Board "4"]
[White "Ichimura G. Barbosa, Larissa Y."]
[Black "Kikuchi Cadilhac, Mariana Sawae"]
[Result "1-0"]
[WhiteElo "2007"]
[BlackElo "1762"]
[PlyCount "53"]
[EventDate "2021.10.28"]
[EventRounds "11"]
[EventCountry "BRA"]

1. e4 e5 2. Nf3 Nc6 3. Bb5 a6 4. Ba4 d6 5. O-O g6 6. d4 b5 7. Bb3 Bg7 8. Bg5
Nge7 9. dxe5 Nxe5 10. Nxe5 Bxe5 11. Nc3 h6 12. Bh4 O-O 13. Nd5 g5 14. f4 Nxd5
15. Bxd5 c6 16. Bb3 Bxb2 17. fxg5 hxg5 18. Qh5 d5 19. Bxg5 Qb6+ 20. Kh1 Bxa1
21. Bh6 Bg7 22. Bxg7 Kxg7 23. Qg5+ Kh8 24. Rf6 c5 25. Rxb6 Be6 26. exd5 Rad8
27. Qh5+  1-0

[Event "60o Campeonato Brasileiro Feminino Final Aberta"]
[Site "Cuiaba MT"]
[Date "2021.11.03"]
[Round "10"]
[Board "5"]
[White "Tamarozi, Isabelle"]
[Black "Nunes, Agatha Hurba"]
[Result "1-0"]
[WhiteElo "1981"]
[BlackElo "1797"]
[PlyCount "75"]
[EventDate "2021.10.28"]
[EventRounds "11"]
[EventCountry "BRA"]

1. e4 c6 2. d4 d5 3. exd5 cxd5 4. c4 Nf6 5. Nc3 e6 6. Bg5 Be7 7. Nf3 O-O 8. c5
b6 9. b4 a5 10. a3 Nfd7 11. Bxe7 Qxe7 12. Bb5 Bb7 13. O-O Qf6 14. Rc1 Rc8 15.
Re1 axb4 16. axb4 bxc5 17. dxc5 Qg6 18. Re3 Nf6 19. Ne5 Qf5 20. Qd4 Nc6 21.
Bxc6 Bxc6 22. Nxc6 Rxc6 23. b5 Rcc8 24. h3 Nd7 25. c6 Nf6 26. Na4 e5 27. Qd1 e4
28. Nb6 Ra2 29. Re2 Rxe2 30. Qxe2 Rc7 31. Qa2 g5 32. Rc5 e3 33. Nxd5 exf2+ 34.
Qxf2 Qxf2+ 35. Kxf2 Ne4+ 36. Kf3 Nxc5 37. Nxc7 Kf8 38. b6  1-0

[Event "60o Campeonato Brasileiro Feminino Final Aberta"]
[Site "Cuiaba MT"]
[Date "2021.11.03"]
[Round "10"]
[Board "6"]
[White "Medeiros, Thauane Ferreira"]
[Black "Felix, Luiza De Oliveira"]
[Result "1-0"]
[WhiteElo "1896"]
[BlackElo "1599"]
[PlyCount "29"]
[EventDate "2021.10.28"]
[EventRounds "11"]
[EventCountry "BRA"]

1. d4 Nf6 2. Bg5 e6 3. e3 c5 4. c3 b6 5. Nd2 Bb7 6. Ngf3 Be7 7. Bd3 d5 8. Qe2
c4 9. Bc2 O-O 10. Bxf6 Bxf6 11. e4 Be7 12. e5 Nc6 13. h4 b5 14. Bxh7+ Kxh7 15.
Ng5+  1-0

[Event "60o Campeonato Brasileiro Feminino Final Aberta"]
[Site "Cuiaba MT"]
[Date "2021.11.03"]
[Round "10"]
[Board "7"]
[White "Martins De Aguiar, Marina"]
[Black "Viaro Baccarin, Natalia"]
[Result "0-1"]
[WhiteElo "1713"]
[BlackElo "1865"]
[PlyCount "134"]
[EventDate "2021.10.28"]
[EventRounds "11"]
[EventCountry "BRA"]

1. e4 c5 2. d4 cxd4 3. c3 d5 4. exd5 Qxd5 5. cxd4 Nc6 6. Nf3 Nf6 7. Nc3 Qa5 8.
d5 Nb4 9. Bb5+ Bd7 10. Bxd7+ Nxd7 11. O-O Nf6 12. d6 e6 13. Nd4 a6 14. Qe2 Bxd6
15. a3 Qe5 16. Qxe5 Bxe5 17. Nf3 Bxc3 18. bxc3 Nbd5 19. c4 Nc3 20. Bb2 Nce4 21.
Rab1 b5 22. cxb5 axb5 23. Bxf6 Nxf6 24. Rxb5 O-O 25. Rb3 Ra7 26. Nd4 Ne4 27.
Rc1 Rd7 28. Nf3 Rfd8 29. g3 Nd2 30. Nxd2 Rxd2 31. Rbc3 Rd1+ 32. Kg2 Rxc1 33.
Rxc1 Kf8 34. a4 Ra8 35. Rc4 Ra7 36. Kf3 Ke7 37. Ke4 Kd6 38. f4 Ra5 39. Kd4 f6
40. Kc3 e5 41. fxe5+ fxe5 42. Kb4 Ra7 43. a5 Kd5 44. Rc2 e4 45. Kb5 e3 46. Kb6
Re7 47. Re2 Kd4 48. a6 Kd3 49. Ra2 e2 50. Ra3+ Kc4 51. Ra4+ Kb3 52. Ra1 e1=Q
53. Rxe1 Rxe1 54. a7 Ra1 55. Kb7 Kc3 56. a8=Q Rxa8 57. Kxa8 Kd3 58. Kb7 Ke3 59.
Kc6 Kf3 60. Kd5 Kg2 61. Ke5 Kxh2 62. g4 Kh3 63. Kf5 Kh4 64. Kf4 g5+ 65. Kf5 h6
66. Kg6 Kxg4 67. Kxh6 Kh4  0-1

[Event "60o Campeonato Brasileiro Feminino Final Aberta"]
[Site "Cuiaba MT"]
[Date "2021.11.03"]
[Round "10"]
[Board "8"]
[White "Flores, Clarice Soares Leite"]
[Black "De Freitas, Isabella Ribeiro Conti"]
[Result "0-1"]
[WhiteElo "1656"]
[BlackElo "1863"]
[PlyCount "48"]
[EventDate "2021.10.28"]
[EventRounds "11"]
[EventCountry "BRA"]

1. d4 Nf6 2. Nf3 g6 3. Bf4 Bg7 4. e3 O-O 5. Be2 d6 6. h3 Nbd7 7. O-O c6 8. c4
a6 9. Nc3 b5 10. b4 Nb6 11. Nd2 bxc4 12. Nxc4 Nbd5 13. Nxd5 Nxd5 14. Bh2 Nc3
15. Qc2 Nxe2+ 16. Qxe2 c5 17. bxc5 dxc5 18. dxc5 Bxa1 19. Rxa1 Bf5 20. e4 Qd4
21. exf5 Qxa1+ 22. Qf1 Qxf1+ 23. Kxf1 Rac8 24. fxg6 hxg6  0-1

[Event "60o Campeonato Brasileiro Feminino Final Aberta"]
[Site "Cuiaba MT"]
[Date "2021.11.03"]
[Round "10"]
[Board "9"]
[White "Bonfim, Regina Rodrigues"]
[Black "Sandrim Juliao, Tais"]
[Result "1-0"]
[WhiteElo "1702"]
[BlackElo "1712"]
[PlyCount "155"]
[EventDate "2021.10.28"]
[EventRounds "11"]
[EventCountry "BRA"]

1. d4 Nf6 2. c4 c5 3. d5 b5 4. cxb5 a6 5. e3 d6 6. Nc3 g6 7. Nf3 Bg7 8. Bd2 O-O
9. Be2 Nbd7 10. O-O Nb6 11. e4 axb5 12. Bxb5 Ba6 13. Bxa6 Rxa6 14. a4 Qa8 15.
Qe2 Rb8 16. b3 Ne8 17. Rab1 Nc7 18. Rfc1 Ra7 19. Bg5 Nc8 20. Nd2 Qb7 21. Qd3
Qb4 22. Be3 Na6 23. Nb5 Qa5 24. Nxa7 Nxa7 25. Nc4 Qc7 26. h3 Nb4 27. Qe2 Nc8
28. Bd2 Na2 29. Rc2 Nb4 30. Bxb4 Rxb4 31. Rcc1 Bd4 32. Na3 Na7 33. Nc2 Bxf2+
34. Qxf2 Rxe4 35. Rf1 f6 36. Rbe1 Re5 37. Rxe5 dxe5 38. Qe2 Qb7 39. Qc4 Kg7 40.
Qxc5 Nc8 41. b4 Nd6 42. Re1 Qa6 43. b5 Qxa4 44. b6 Kf7 45. Qf2 Kg7 46. Ra1 Qb3
47. Qc5 Kf7 48. Ra7 Nf5 49. d6 Qb1+ 50. Kh2 Qf1 51. Rxe7+ Nxe7 52. dxe7 Qf4+
53. g3 Qd2+ 54. Kg1 Qc1+ 55. Kg2 Qd2+ 56. Qf2 Qd5+ 57. Kh2 Kxe7 58. Nb4 Qb5 59.
Qd2 Ke8 60. Nd5 Kf8 61. h4 f5 62. Qa2 Kg7 63. Qa7+ Kh6 64. b7 Qe2+ 65. Kg1 Qe1+
66. Kg2 Qe2+ 67. Qf2 Qe4+ 68. Kh2 Qb1 69. Nb6 f4 70. g4 Qd1 71. b8=Q Qxg4 72.
Qxe5 f3 73. Qg5+ Qxg5 74. hxg5+ Kxg5 75. Qxf3 h5 76. Nd5 h4 77. Qf4+ Kh5 78.
Nf6#  1-0

[Event "60o Campeonato Brasileiro Feminino Final Aberta"]
[Site "Cuiaba MT"]
[Date "2021.11.03"]
[Round "10"]
[Board "11"]
[White "De Souza, Eliana Aparecida"]
[Black "Rodio, Julia Brunetto"]
[Result "1-0"]
[WhiteElo "1673"]
[BlackElo "1788"]
[PlyCount "115"]
[EventDate "2021.10.28"]
[EventRounds "11"]
[EventCountry "BRA"]

1. e4 c5 2. Nc3 e6 3. g3 Nc6 4. Bg2 g6 5. d3 Bg7 6. Nge2 Nge7 7. Be3 d6 8. Qd2
Nd4 9. O-O O-O 10. Nd1 Re8 11. c3 Nxe2+ 12. Qxe2 Nc6 13. Qd2 Rb8 14. Bh6 Bh8
15. Ne3 b5 16. f4 b4 17. f5 bxc3 18. fxg6 fxg6 19. bxc3 Ne5 20. d4 Nf7 21. Ng4
e5 22. Rxf7 Bxg4 23. Raf1 Rb1 24. Rxb1 Kxf7 25. d5 Qd7 26. Bf1 Kg8 27. Bb5 Qb7
28. Rb3 Rc8 29. Qg5 Bf3 30. Be2 Qf7 31. Ba6 Re8 32. Rb7 Qf6 33. Qe3 Ra8 34. Bg5
Qf8 35. Be7 Qf7 36. Bxd6 Qf6 37. Bc4 Qxd6 38. Qxf3 Rf8 39. Qg4 Re8 40. Qd7 Qxd7
41. Rxd7 Bf6 42. Rxa7 Bg5 43. d6+ Kh8 44. Kf2 Bd2 45. Bd5 Bxc3 46. Ra8 Rxa8 47.
Bxa8 Kg8 48. Ke3 Kf8 49. Kd3 Bb4 50. Kc4 Ke8 51. Bc6+ Kd8 52. a4 h6 53. Kd5 c4
54. Kxc4 Bxd6 55. a5 Kc7 56. Kd5 Bb4 57. a6 Bc3 58. a7  1-0

[Event "60o Campeonato Brasileiro Feminino Final Aberta"]
[Site "Cuiaba MT"]
[Date "2021.11.03"]
[Round "10"]
[Board "12"]
[White "Nakata, Thifanni Harumi"]
[Black "Campagnolo, Fabiola"]
[Result "1-0"]
[WhiteElo "1778"]
[BlackElo "1677"]
[PlyCount "62"]
[EventDate "2021.10.28"]
[EventRounds "11"]
[EventCountry "BRA"]

1. d4 Nf6 2. c4 g6 3. Nc3 Bg7 4. e4 d6 5. Nf3 Nbd7 6. Be2 O-O 7. O-O e5 8. Be3
Ng4 9. Bg5 f6 10. Bc1 Nh6 11. h3 c6 12. d5 Nb6 13. dxc6 bxc6 14. b3 Re8 15. Ba3
Nf7 16. c5 dxc5 17. Bxc5 Qxd1 18. Rfxd1 Be6 19. Ba6 Rab8 20. Rac1 Bc8 21. Bxc8
Rbxc8 22. a4 Rc7 23. Rd3 Rd8 24. Rcd1 Rxd3 25. Rxd3 Bf8 26. Bxf8 Kxf8 27. a5
Nd7 28. b4 Ke7 29. Na4 Nd6 30. Nd2 Nb5 31. Nb2 Na3 {erro na notaÃƒÂ
ÃƒÂ£o.}  1-0

[Event "60o Campeonato Brasileiro Feminino Final Aberta"]
[Site "Cuiaba MT"]
[Date "2021.11.03"]
[Round "10"]
[Board "13"]
[White "Montes, Sofia"]
[Black "Eger, Laura Luisa"]
[Result "1-0"]
[WhiteElo "1836"]
[BlackElo "1767"]
[PlyCount "116"]
[EventDate "2021.10.28"]
[EventRounds "11"]
[EventCountry "BRA"]

1. c4 c6 2. Nc3 d5 3. cxd5 cxd5 4. d4 Nc6 5. Bf4 Nf6 6. e3 Bf5 7. Bd3 Bxd3 8.
Qxd3 e6 9. h3 Bd6 10. Bxd6 Qxd6 11. Nf3 O-O 12. O-O Rfc8 13. a3 Na5 14. Ne5 a6
15. Rfe1 Rd8 16. b4 Nc6 17. Nxc6 Qxc6 18. Rac1 Qd6 19. Red1 b5 20. f3 Rac8 21.
e4 dxe4 22. Nxe4 Nxe4 23. Rxc8 Rxc8 24. fxe4 Rd8 25. d5 f5 26. exf5 Qxd5 27.
Qxd5 exd5 28. Kf2 Kf7 29. Ke3 Kf6 30. Kf4 d4 31. g4 h6 32. h4 d3 33. g5+ hxg5+
34. hxg5+ Kf7 35. Ke3 Rd5 36. Ke4 Rd8 37. Rxd3 Re8+ 38. Kf4 Re7 39. Rd6 Ra7 40.
Ke5 Re7+ 41. Kd5 Ra7 42. f6 gxf6 43. gxf6 a5 44. Kc6 axb4 45. axb4 Ra4 46. Kxb5
Ra1 47. Kb6 Rb1 48. b5 Rb2 49. Kc5 Rc2+ 50. Kb4 Rb2+ 51. Ka4 Rb1 52. b6 Kg6 53.
Ka5 Ra1+ 54. Kb5 Rb1+ 55. Kc6 Kf7 56. b7 Rc1+ 57. Kd7 Rb1 58. Kc7 Rc1+  1-0

[Event "60o Campeonato Brasileiro Feminino Final Aberta"]
[Site "Cuiaba MT"]
[Date "2021.11.03"]
[Round "10"]
[Board "14"]
[White "Oliveira, Emanuelle Alves"]
[Black "Do Amaral Vailant, Helena Kether"]
[Result "1/2-1/2"]
[WhiteElo "1683"]
[BlackElo "1414"]
[PlyCount "82"]
[EventDate "2021.10.28"]
[EventRounds "11"]
[EventCountry "BRA"]

1. d4 Nf6 2. e3 d5 3. Bd3 e6 4. Nd2 c5 5. c3 Nc6 6. a3 cxd4 7. cxd4 Bd6 8. f4
Qa5 9. Ngf3 Ne4 10. Bxe4 dxe4 11. Ne5 Nxe5 12. fxe5 Bb4 13. Qg4 O-O 14. Qxe4
Bxd2+ 15. Bxd2 Qa6 16. Bb4 Rd8 17. Rc1 Bd7 18. Rf1 Bc6 19. Qf4 Rd7 20. g4 Qd3
21. h4 Qe4 22. Qxe4 Bxe4 23. Rc3 h6 24. Kf2 g5 25. Kg3 Kg7 26. Rfc1 Bc6 27. Bd6
Kg6 28. h5+ Kg7 29. Rc4 Rad8 30. b4 a6 31. Ra1 Kg8 32. Rc5 Kg7 33. a4 Kg8 34.
b5 axb5 35. axb5 Be4 36. Rac1 Ra8 37. Rc8+ Rd8 38. Rxd8+ Rxd8 39. Be7 Ra8 40.
Bf6 Bd5 41. Rc3 Be4  1/2-1/2

[Event "60o Campeonato Brasileiro Feminino Final Aberta"]
[Site "Cuiaba MT"]
[Date "2021.11.03"]
[Round "10"]
[Board "15"]
[White "Reis, Virginia Lagrange M."]
[Black "Muraoka, Karoline Aimy"]
[Result "1-0"]
[WhiteElo "1741"]
[BlackElo "1821"]
[PlyCount "76"]
[EventDate "2021.10.28"]
[EventRounds "11"]
[EventCountry "BRA"]

1. e4 c5 2. Nf3 d6 3. d4 cxd4 4. Nxd4 Nf6 5. Bd3 e6 6. c4 Nbd7 7. Nc3 a6 8. O-O
Qc7 9. Be3 b6 10. f3 Ne5 11. Rc1 Nxd3 12. Qxd3 Nd7 13. b3 Bb7 14. Nde2 Be7 15.
Qd2 Nc5 16. Rfd1 O-O 17. Qe1 Bc6 18. b4 Nd7 19. Nd5 Qd8 20. Nxe7+ Qxe7 21. Qg3
e5 22. Nc3 b5 23. Nd5 Bxd5 24. cxd5 Rfc8 25. Qf2 Qd8 26. Rc6 Nf8 27. Rdc1 Ng6
28. Bb6 Rxc6 29. Rxc6 Qe7 30. Qc2 Qd7 31. Bc7 Ne7 32. Rxd6 Qe8 33. Rb6 f5 34.
d6 Nc8 35. Rc6 fxe4 36. Qxe4 Kh8 37. Rc5 Na7 38. Rxe5 Qxe5  1-0

[Event "60o Campeonato Brasileiro Feminino Final Aberta"]
[Site "Cuiaba MT"]
[Date "2021.11.03"]
[Round "10"]
[Board "16"]
[White "Braga, Debora Abade"]
[Black "Dias, Juliane De Oliveira"]
[Result "0-1"]
[WhiteElo "1480"]
[BlackElo "1673"]
[PlyCount "98"]
[EventDate "2021.10.28"]
[EventRounds "11"]
[EventCountry "BRA"]

1. d4 d5 2. e3 Nf6 3. Bd3 e6 4. f4 c5 5. c3 Nc6 6. Nf3 Qb6 7. Nbd2 c4 8. Bc2
Be7 9. O-O O-O 10. Ne5 Nd7 11. Ndf3 f5 12. g4 Nf6 13. g5 Ne4 14. Bxe4 fxe4 15.
Nxc6 Qxc6 16. Ne5 Qe8 17. h4 Rf5 18. Bd2 b5 19. Rf2 a5 20. h5 b4 21. Be1 bxc3
22. bxc3 Rb8 23. Rb1 Rxb1 24. Qxb1 Qxh5 25. Rh2 Qe8 26. Bh4 Bd6 27. Ng4 Rf7 28.
Rb2 Qd7 29. Bg3 e5 30. Nxe5 Bxe5 31. dxe5 Qg4 32. Qe1 Rb7 33. Rxb7 Bxb7 34. Qf2
Bc8 35. Kf1 Qd1+ 36. Kg2 Bg4 37. Kh2 Bf3 38. Qe1 Qc2+ 39. Bf2 Qxa2 40. Kg3 Qa4
41. Qd2 Qd7 42. Kh2 a4 43. Qb2 Kf7 44. Qb4 Bg4 45. Kg3 Be6 46. Be1 h6 47. gxh6
gxh6 48. Qd6 Qxd6 49. exd6 a3  0-1

[Event "60o Campeonato Brasileiro Feminino Final Aberta"]
[Site "Cuiaba MT"]
[Date "2021.11.03"]
[Round "10"]
[Board "17"]
[White "Dull, Amanda Paul"]
[Black "Da Cunha, Gabriela Goes"]
[Result "1/2-1/2"]
[WhiteElo "1847"]
[BlackElo "1588"]
[PlyCount "99"]
[EventDate "2021.10.28"]
[EventRounds "11"]
[EventCountry "BRA"]

1. e4 c6 2. d4 d5 3. exd5 cxd5 4. c4 Nf6 5. Nc3 e6 6. Nf3 Be7 7. Bd3 O-O 8. O-O
dxc4 9. Bxc4 Nc6 10. Re1 Nb4 11. Ne5 Nbd5 12. Bb3 Nxc3 13. bxc3 Nd5 14. Qd3 Bf6
15. Bc2 g6 16. Bh6 Bg7 17. Qh3 Qc7 18. Bxg7 Kxg7 19. c4 Nf6 20. Bd3 Rd8 21. Qh4
Qd6 22. Nf3 Bd7 23. Rad1 Bc6 24. Be2 Bxf3 25. Bxf3 Rac8 26. Be2 Qa3 27. Rd2 Rd7
28. Red1 Rcd8 29. h3 Qb4 30. Qg5 h6 31. Qe5 Qd6 32. Qe3 Qb4 33. a3 Qb6 34. Rd3
Qc7 35. Qe5 Rd6 36. Rf3 Qe7 37. h4 Ra6 38. Rb1 b6 39. Rbb3 Rd5 40. Qe3 Qd6 41.
Rd3 Ng4 42. Qf4 Qxf4 43. Rxf4 h5 44. Bxg4 hxg4 45. Rxg4 Ra4 46. Kf1 Rxc4 47.
Ke2 Rd6 48. Re4 Kf6 49. g4 Ke7 50. f4 {erro na notaÃƒÂ
ÃƒÂ£o}  1/2-1/2

[Event "60o Campeonato Brasileiro Feminino Final Aberta"]
[Site "Cuiaba MT"]
[Date "2021.11.03"]
[Round "10"]
[Board "18"]
[White "Almeida, Bianca Martins"]
[Black "Mayara Sibowicz, Giovanna"]
[Result "0-1"]
[WhiteElo "1262"]
[BlackElo "1683"]
[PlyCount "100"]
[EventDate "2021.10.28"]
[EventRounds "11"]
[EventCountry "BRA"]

1. e4 e5 2. Nf3 Nc6 3. Bb5 Nf6 4. d3 h6 5. Bxc6 bxc6 6. Nxe5 Qe7 7. Nf3 d5 8.
e5 Nd7 9. d4 c5 10. O-O cxd4 11. Qxd4 Qc5 12. Qxc5 Bxc5 13. Nc3 Bb7 14. Na4 Bb6
15. Bf4 Nc5 16. Nxc5 Bxc5 17. Rfe1 O-O-O 18. a3 a5 19. h3 Rhe8 20. Rac1 Ba6 21.
c3 Bb6 22. Rcd1 Bb7 23. Bg3 c5 24. Nd2 a4 25. c4 d4 26. Ne4 Bxe4 27. Rxe4 f5
28. Ree1 Re6 29. Rb1 d3 30. Red1 Rd4 31. b4 f4 32. Bh2 Rxe5 33. Kf1 g5 34. g4
Re7 35. bxc5 Bxc5 36. Rb5 Bxa3 37. Ra5 d2 38. Rxa4 Bc1 39. Ra6 Ree4 40. Kg2 Re1
41. Rxd2 Bxd2 42. Rxh6 Re7 43. Kf3 Rc7 44. h4 gxh4 45. Rxh4 Rdxc4 46. Rh8+ Kd7
47. g5 R4c5 48. Bxf4 Rc3+ 49. Be3 Bxe3 50. fxe3 Rxe3+  0-1

[Event "60o Campeonato Brasileiro Feminino Final Aberta"]
[Site "Cuiaba MT"]
[Date "2021.11.03"]
[Round "10"]
[Board "19"]
[White "Brambilla, Renee Blandy T."]
[Black "Bokhonok, Tatiana Dos Santos Spin"]
[Result "0-1"]
[WhiteElo "1671"]
[BlackElo "1230"]
[PlyCount "64"]
[EventDate "2021.10.28"]
[EventRounds "11"]
[EventCountry "BRA"]

1. d4 e6 2. c4 f5 3. Nc3 Nf6 4. g3 d5 5. cxd5 exd5 6. Bg2 c6 7. Bg5 Be7 8. e3
O-O 9. Nf3 Nbd7 10. O-O Ne4 11. Bxe7 Qxe7 12. Nd2 Ndf6 13. Rb1 Bd7 14. Nf3 Be8
15. Qd3 Bh5 16. Ne5 Nd7 17. Nxd7 Qxd7 18. b4 a6 19. Nxe4 fxe4 20. Qb3 Bf3 21.
h4 Rf6 22. Kh2 Raf8 23. b5 axb5 24. a4 Be2 25. Qa2 Bxf1 26. Rxf1 bxa4 27. Bxe4
Qf7 28. Bc2 Rxf2+ 29. Rxf2 Qxf2+ 30. Kh3 Rf3 31. Kg4 Rxg3+ 32. Kh5 Qf7+  0-1

[Event "60o Campeonato Brasileiro Feminino Final Aberta"]
[Site "Cuiaba MT"]
[Date "2021.11.03"]
[Round "10"]
[Board "21"]
[White "Silva, Marina Taborelli"]
[Black "Moraes Silva, Natasha Alejandra"]
[Result "0-1"]
[WhiteElo "1651"]
[BlackElo "1436"]
[PlyCount "74"]
[EventDate "2021.10.28"]
[EventRounds "11"]
[EventCountry "BRA"]

1. e4 e6 2. Nf3 d5 3. exd5 exd5 4. d4 Bd6 5. Nc3 Ne7 6. Be2 Bf5 7. O-O Nbc6 8.
a3 Qd7 9. Nb5 f6 10. Nxd6+ Qxd6 11. c3 h5 12. Re1 O-O-O 13. Bb5 g5 14. g3 h4
15. Bxc6 Nxc6 16. Be3 hxg3 17. fxg3 Rh7 18. Re2 Rdh8 19. Qf1 Bg4 20. Qf2 Ne7
21. Rae1 Nf5 22. Bc1 Kd7 23. Re6 Qf8 24. R1e2 Nxg3 25. Qxg3 Bxe6 26. Rf2 Rh3
27. Ne5+ Kc8 28. Ng6 Rxg3+ 29. hxg3 Qg7 30. Nxh8 Qxh8 31. Rh2 Qg7 32. Kf2 b6
33. b4 Qg6 34. Rh8+ Kb7 35. Be3 Qc2+ 36. Kf3 g4+ 37. Kf4 Qf5#  0-1

[Event "60o Campeonato Brasileiro Feminino Final Aberta"]
[Site "Cuiaba MT"]
[Date "2021.11.04"]
[Round "11"]
[Board "1"]
[White "Terao, Juliana Sayumi"]
[Black "Tamarozi, Isabelle"]
[Result "1-0"]
[WhiteElo "2252"]
[BlackElo "1981"]
[PlyCount "139"]
[EventDate "2021.10.28"]
[EventRounds "11"]
[EventCountry "BRA"]

1. e4 c5 2. c3 d5 3. exd5 Qxd5 4. Nf3 Nf6 5. Na3 e6 6. Bc4 Qd8 7. O-O Be7 8.
Nc2 O-O 9. d4 Nbd7 10. Bf4 b6 11. Qe2 Bb7 12. Rad1 Qc8 13. Ne3 Re8 14. Ne5 Nd5
15. Bg3 N7f6 16. Bd3 a6 17. dxc5 Qxc5 18. Nc2 b5 19. Nd4 Rad8 20. Rfe1 Bd6 21.
a4 b4 22. Nb3 Qc8 23. c4 Ne7 24. c5 Bxe5 25. Bxe5 Qc6 26. f4 Qxa4 27. Nd4 Nc6
28. Nxc6 Qxc6 29. Bd6 g6 30. Ra1 Ra8 31. Ra5 Red8 32. Rea1 Ne8 33. Bxa6 Nxd6
34. Bxb7 Qxb7 35. Rxa8 Rxa8 36. Rxa8+ Qxa8 37. cxd6 Qd5 38. Qe5 Qd2 39. h3 h6
40. Kh1 b3 41. Kh2 Qd3 42. d7 Qxd7 43. Qb8+ Kh7 44. Qxb3 Qd4 45. Kg3 g5 46.
Qc2+ Kg8 47. fxg5 hxg5 48. Kh2 g4 49. Qc3 Qf4+ 50. Qg3 Qd2 51. Qxg4+ Kf8 52. b4
f5 53. Qc4 Qd6+ 54. Kg1 Qd1+ 55. Kf2 Qd2+ 56. Kf3 Kf7 57. Qf4 Qc3+ 58. Kf2 Qc2+
59. Kg3 Qc3+ 60. Kh2 Kf6 61. h4 e5 62. Qh6+ Kf7 63. b5 f4 64. Qh5+ Kf6 65. Qg5+
Ke6 66. h5 Qb2 67. h6 f3 68. Qg4+ Kd6 69. Qxf3 Qxb5 70. Qf6+  1-0

[Event "60o Campeonato Brasileiro Feminino Final Aberta"]
[Site "Cuiaba MT"]
[Date "2021.11.04"]
[Round "11"]
[Board "2"]
[White "Viaro Baccarin, Natalia"]
[Black "Alboredo, Julia"]
[Result "0-1"]
[WhiteElo "1865"]
[BlackElo "2183"]
[PlyCount "72"]
[EventDate "2021.10.28"]
[EventRounds "11"]
[EventCountry "BRA"]

1. e4 c5 2. Nf3 Nc6 3. d4 cxd4 4. Nxd4 Nf6 5. Nc3 d6 6. f3 e5 7. Nb3 Be7 8. Be3
Be6 9. Qd2 O-O 10. Nd5 Bxd5 11. exd5 Nb8 12. Be2 Nbd7 13. O-O Rc8 14. Rac1 Nh5
15. Rfd1 Nf4 16. Bf1 Ng6 17. c4 b6 18. Na1 f5 19. Nc2 a5 20. b4 h6 21. Na3 axb4
22. Qxb4 Nc5 23. Nb5 Ra8 24. Nc3 Bg5 25. Bxg5 hxg5 26. Rb1 Ra6 27. Qb2 Qf6 28.
Qc2 Rfa8 29. Rb5 Nf8 30. Rxc5 bxc5 31. Bd3 Ra3 32. Rc1 g6 33. g4 e4 34. fxe4 f4
35. e5 Qxe5 36. Bxg6 Rxc3  0-1

[Event "60o Campeonato Brasileiro Feminino Final Aberta"]
[Site "Cuiaba MT"]
[Date "2021.11.04"]
[Round "11"]
[Board "3"]
[White "Medeiros, Thauane Ferreira"]
[Black "Librelato, Kathie Goulart"]
[Result "0-1"]
[WhiteElo "1896"]
[BlackElo "2165"]
[PlyCount "44"]
[EventDate "2021.10.28"]
[EventRounds "11"]
[EventCountry "BRA"]

1. d4 Nf6 2. c4 g6 3. Nc3 Bg7 4. e4 d6 5. Nf3 O-O 6. Be2 Na6 7. O-O e5 8. d5
Nc5 9. Qc2 a5 10. Ne1 Kh8 11. Be3 b6 12. b3 Ncxe4 13. Nxe4 Nxe4 14. Qxe4 Bf5
15. Qf3 e4 16. Qf4 Bxa1 17. Nc2 Be5 18. Qh6 Bg7 19. Qf4 Qe7 20. Rd1 Bd7 21. Nd4
f5 22. Qg3 Be5  0-1